01403cam a22003257a 4500003000500000005001700005008004100022010001000063011001000073035001000083040000900093082002500102110007900127245003800206260009600244300001900340590004100359590004100400590004100441590004200482650005400524650003700578901000700615942001000622949006300632949007500695999001700770952013900787952015100926CHAP20220329135937.0971013s1975 r 00010 d a44461 a45433 a49572 cCHAP a630.72bI56n 1974-75 aINIA. México. Centro de Investigaciones Agrícolas de Tamaulipas958547 0aResultados, 74-75b: Nuevo León a(Río Bravo, Tamps.) :bINIA. Centro de Investigaciones Agrícolas de Tamaulipas,c(1975) apág. varía aBATCH-UPDb10c20130110lUCH01h0146 aBATCH-UPDb10c20130409lUCH01h2145 aBATCH-UPDb10c20130913lUCH01h2102 aCONVERSIONb10c20130109lUCH01h132414aAgriculturaxInvestigaciónxNuevo León.9165214aAgriculturaxNuevo León.91755 aBK cLIBRO a630.72 I56n 1974-75bBCcCd-111791eCh38095i49572mDsi a630.72 I56n 1974-75bBCcCd33724000041810eCfc.2h38153i49572mDsi c44461d44461 00102ddc4051708CaBCbBCcPA_CONSULTAd2019-12-31fLIBROl0o630.72 I56n 1974-75p-111791r2019-12-31 00:00:00w2019-12-31yLIBRO 00102ddc4051708CaBCbBCcPA_CONSULTAd2019-12-31fLIBROl0o630.72 I56n 1974-75p33724000041810r2019-12-31 00:00:00tc.2w2019-12-31yLIBRO